| 000 | 00432nam a22001337a 4500 | ||
|---|---|---|---|
| 082 |
_a652.5 _bWOR _cL-36, P-84 |
||
| 100 |
_aMicroPro International corporation. _944473 |
||
| 245 | _aWordstar reference & installation manual/ | ||
| 260 |
_aCalifornia: _bMicroPro International corporation. _cc1983 |
||
| 300 |
_ax, various paging; _bill;: _c22cm |
||
| 526 |
_a0 _b0 _c0 _d652_500000000000000_WOR |
||
| 650 |
_aMCE _9379 |
||
| 942 |
_2ddc _cBK |
||
| 999 |
_c548253 _d548253 |
||